000 00706nam a22002297a 4500
005 20170124105943.0
010 _aA-258156
020 _c00.00
035 _aA-258156
037 _bCen Lib/Ret
040 _aDPL
_bEN
082 _a331.880954
_bSOO
100 _aSood, Santosh
_911815
245 _aTrade union leadrership in india /
_cby Santosh Sood
260 _aNew Delhi
_bDeep & Deep Publications
_c1984
270 _bNew Delhi
_aD-1/24, rajouro garden
_e110027
300 _a262p.
_c21cm(Hb)
500 _aIncludes bibliographical references and index
650 _aTrade union relation
_zIndia
_911816
650 _aSociety
_911817
942 _2ddc
_cEN
_h331.880954
_mSOO
999 _c124748
_d124748